000 01051cam a2200253 a 4500
001 000015139
005 20200929163951.0
008 890826s1988 ck 001 0 spa
010 _a89180052
020 _a9586251233
040 _aDO-SdBNP
_cDLC
_dDLC
050 0 0 _aP91.25
_b.C38 1988
110 2 _aCatholic Church.
_bPope.
_934249
245 1 3 _aEl Papa habla a los comunicadores (1967-1988) :
_b22 anos de la Jornada Mundial instituida por el Concilio Vaticano II : texto completo de los mensajes con indice tematico.
260 _aBogota :
_bDepartamento de Comunicacion Social, Consejo Episcopal Latinoamericano,
_c1988.
300 _a174 p. ;
_c21 cm.
440 0 _aColeccion DECOS ;
_v1
_934250
500 _aIncludes index.
650 0 _aCommunication.
_934251
650 0 _aCommunication
_xReligious aspects
_xCatholic church.
_934252
610 2 0 _aCatholic Church
_xDoctrines.
_934064
710 2 _aCatholic Church.
_bConsejo Episcopal Latinoamericano.
_bDepartamento de Comunicacion Social.
_934253
910 _aCatalogación por copia / LC
999 _c14711
_d14711